Online
Catalog

Nuevos destinos : (Record no. 11550)

MARC details
000 -CABECERA
campo de control de longitud fija 01674cam a2200397 a 4500
001 - NÚMERO DE CONTROL
campo de control 000011878
005 - FECHA Y HORA DE LA ÚLTIMA TRANSACCIÓN
campo de control 20200929162613.0
008 - DATOS DE LONGITUD FIJA--INFORMACIÓN GENERAL
campo de control de longitud fija 021107s2003 mauab i 001 0 spa
010 ## - NÚMERO DE CONTROL DE LA BIBLIOTECA DEL CONGRESO
Número de control de LC 2002043118
020 ## - NÚMERO INTERNACIONAL ESTÁNDAR DEL LIBRO
Número Internacional Estándar del Libro 0072493143 (instructor's ed. : alk. paper)
020 ## - NÚMERO INTERNACIONAL ESTÁNDAR DEL LIBRO
Número Internacional Estándar del Libro 0072492597 (student ed. : alk. paper)
040 ## - FUENTE DE LA CATALOGACIÓN
Centro catalogador/agencia de origen DO-SdBNP
Centro/agencia transcriptor DLC
Centro/agencia modificador DLC
041 0# - CÓDIGO DE LENGUA
Código de lengua del texto/banda sonora o título independiente spaeng
042 ## - CÓDIGO DE AUTENTICACIÓN
Código de autenticación pcc
050 00 - SIGNATURA TOPOGRÁFICA DE LA BIBLIOTECA DEL CONGRESO
Número de clasificación PC4129.E5
Número de documento/Ítem M45 2003
082 00 - NÚMERO DE LA CLASIFICACIÓN DECIMAL DEWEY
Número de clasificación 468.2/421
Número de edición 21
100 1# - ENTRADA PRINCIPAL--NOMBRE DE PERSONA
Nombre de persona Medina, Cynthia B.
9 (RLIN) 28074
245 10 - MENCIÓN DE TÍTULO
Título Nuevos destinos :
Resto del título Spanish in review /
Mención de responsabilidad, etc. Cynthia B. Medina ; contributing writers, Carlos Enrique Ibarra Cantu, Norma Rivera-Hernandez.
246 30 - FORMA VARIANTE DE TÍTULO
Título propio/Titulo breve Destinos
250 ## - MENCIÓN DE EDICIÓN
Mención de edición 2nd ed.
260 ## - PUBLICACIÓN, DISTRIBUCIÓN, ETC.
Lugar de publicación, distribución, etc. Boston :
Nombre del editor, distribuidor, etc. McGraw-Hill,
Fecha de publicación, distribución, etc. c2003.
300 ## - DESCRIPCIÓN FÍSICA
Extensión xx, 324, 39 p. :
Otras características físicas ill. (some col.), col. maps ;
Dimensiones 26 cm.
500 ## - NOTA GENERAL
Nota general "This is an EBI book" -- T.p. verso.
500 ## - NOTA GENERAL
Nota general "Instructor's ed. [by] Rodney Bransdorfer."
500 ## - NOTA GENERAL
Nota general Rev. ed. of: Destinos / Bill VanPatten, Martha Alford Marks, Richard V. Teschner. c1991.
500 ## - NOTA GENERAL
Nota general Includes index.
650 #0 - PUNTO DE ACCESO ADICIONAL DE MATERIA--TÉRMINO DE MATERIA
Término de materia o nombre geográfico como elemento de entrada Spanish language
Subdivisión de forma Textbooks for foreign speakers
Subdivisión general English.
9 (RLIN) 5097
700 1# - PUNTO DE ACCESO ADICIONAL--NOMBRE DE PERSONA
Nombre de persona Ibarra Cantu, Carlos Enrique.
9 (RLIN) 28075
700 1# - PUNTO DE ACCESO ADICIONAL--NOMBRE DE PERSONA
Nombre de persona Rivera-Hernandez, Norma.
9 (RLIN) 28076
700 1# - PUNTO DE ACCESO ADICIONAL--NOMBRE DE PERSONA
Nombre de persona Bransdorfer, Rodney.
9 (RLIN) 28077
700 1# - PUNTO DE ACCESO ADICIONAL--NOMBRE DE PERSONA
Nombre de persona VanPatten, Bill.
Título de la obra Destinos.
9 (RLIN) 28078
856 41 - LOCALIZACIÓN Y ACCESO ELECTRÓNICOS
Especificación de materiales Table of contents
Identificador Uniforme del Recurso <a href="http://www.loc.gov/catdir/toc/mh031/2002043118.html">http://www.loc.gov/catdir/toc/mh031/2002043118.html</a>
856 42 - LOCALIZACIÓN Y ACCESO ELECTRÓNICOS
Especificación de materiales Publisher description
Identificador Uniforme del Recurso <a href="http://www.loc.gov/catdir/description/mh031/2002043118.html">http://www.loc.gov/catdir/description/mh031/2002043118.html</a>
856 42 - LOCALIZACIÓN Y ACCESO ELECTRÓNICOS
Especificación de materiales Contributor biographical information
Identificador Uniforme del Recurso <a href="http://www.loc.gov/catdir/enhancements/fy0737/2002043118-b.html">http://www.loc.gov/catdir/enhancements/fy0737/2002043118-b.html</a>
910 ## - DATOS DE OPCIÓN DEL USUARIO (OCLC)
Datos de opción del usuario Catalogación derivada
Holdings
Estado de retiro Estado de pérdida Restricciones de uso No para préstamo Código de colección Localización permanente Ubicación/localización actual Ubicación en estantería Fecha de adquisición Número de inventario Total de préstamos Signatura topográfica completa Código de barras Fecha visto por última vez Precio válido a partir de Tipo de ítem Koha Número de copia
    Préstamo interno   Monografías: Libros y Folletos General General En catalogación 29.10.2009 LF1   468.2/421 11878-10 25.06.2020 25.06.2020 Préstamo interno  
    Préstamo restringido Préstamo restrigido Monografías: Libros y Folletos General General En catalogación 29.10.2009 LF1   468.2/421 11878-20 25.06.2020 25.06.2020 Préstamo interno e.2

Powered by Koha